00266nam a2200121Ia 4500008004100000100001700041245002200058260002000080300000800100650001400108942000700122999001500129190216s9999||||xx |||||||||||||| ||und|| aPatrck. G.L. 0aOrganic Chemistry bViva Bookc2003 a315 aChemistry cBK c3174d3174